Marketingová komunikácia ako súčasť strategického riadiaceho procesu vybraného subjektu diplomová práca

Gespeichert in:
Bibliographische Detailangaben
1. Verfasser: Sokolová, Veronika
Körperschaft: Podnikovohospodárska fakulta EU so sídlom v Košiciach. Katedra obchodného podnikania
Weitere Verfasser: Lieskovská, Vanda, 1961-
Format: Buch
Sprache:Slowakisch
Veröffentlicht: Košice 2016
Tags: Tag hinzufügen
Keine Tags, Fügen Sie das erste Tag hinzu!

MARC

LEADER 00000nbm a2200000 4500
001 0217813
005 20170306135203.8
041 0 |a slo 
044 |a SK 
245 1 0 |a Marketingová komunikácia ako súčasť strategického riadiaceho procesu vybraného subjektu  |b diplomová práca  |c Veronika Sokolová ; školiteľ: Vanda Lieskovská 
264 1 |a Košice  |c 2016 
300 |a 73 s. 
100 1 |a Sokolová, Veronika 
700 1 |a Lieskovská, Vanda, 1961- 
710 2 |a Podnikovohospodárska fakulta EU so sídlom v Košiciach. Katedra obchodného podnikania